000 00701nam a22002417a 4500
003 UA-OsUOA
001 22604
007 ta
008 20031223b un ||||| |||| 00| 0 ukr d
090 _a330.35-(477)
_bС74
942 _cBK
040 _aUA-OsUOA
_bukr
_cUA-OsUOA
_dUA-OsUOA
245 _aСприяння сталому економічному зростанню в Україні
_cШ.фон Крамон-Таубадель І.Акімова
300 _a347 с.
_bІлюстрації
955 _a0
041 _aukr
080 _a330.35-(477)
020 _a966-95-492-8-0
260 _aКиїв
_b"Альфа-Принт"
_c2001
044 _aUA
650 7 _2UDC
999 _c308826
_d308826